Meranie a kontrola interných podnikových procesov a ich vplyv na strategické riadenie podniku bakalárska práca

Gespeichert in:
Bibliographische Detailangaben
1. Verfasser: Czucz, Andrej
Körperschaft: Fakulta hospodárskej informatiky EU. Katedra aplikovanej informatiky
Weitere Verfasser: Brixová, Janette
Format: Buch
Sprache:Slowakisch
Veröffentlicht: Bratislava 2013
Tags: Tag hinzufügen
Keine Tags, Fügen Sie das erste Tag hinzu!

MARC

LEADER 00000nbm a2200000 4500
001 0176313
005 20170209111148.8
041 0 |a slo 
044 |a SK 
245 1 0 |a Meranie a kontrola interných podnikových procesov a ich vplyv na strategické riadenie podniku  |b bakalárska práca  |c Andrej Czucz ; školiteľ: Janette Brixová 
264 1 |a Bratislava  |c 2013 
300 |a 59 s. 
100 1 |a Czucz, Andrej 
700 1 |a Brixová, Janette 
710 2 |a Fakulta hospodárskej informatiky EU. Katedra aplikovanej informatiky